00984 a2200181 45000010006000000050017000060080041000230030015000640400040000790800052001192450027001712500012001982640047002103000023002575050495002800410008007751000019007835996620260407155852.0260407a1959 arg spa dAR-UNSa-BCEJYS aAR-UNSa-BCEJYSbspacAR-UNSa-BCEJYS a342xDerecho constitucional (Derecho Público)10aDerecho constitucional a3a. ed. 1aBuenos Aires :bRoque Depalma Editorc1959 axl, 909 p.c22 cm. a1. Nociones preliminares – 2. Derecho Constitucional – 3. La Constitución – 4. El Estado. Soberanía y poderes – 5. La soberanía y la organización política – 6. La igualdad ante la ley – 7. Derechos, declaraciones y garantías – 8. Garantías de seguridad y defensa personal – 9. Poder Legislativo – 10. Atribuciones del Congreso – 11. Poder Ejecutivo – 12. Poder Judicial – 13. Gobierno nacional – 14. Gobierno provincial – 15. Régimen municipal -  aspa1 aBielsa, Rafael